| 000 | 01225nam a22004097a 4500 | ||
|---|---|---|---|
| 001 | BR2011004476 | ||
| 003 | BR-BrBNA | ||
| 005 | 20230928103738.0 | ||
| 007 | ta | ||
| 008 | 230509b bl.||||| |||| 00| 0 por d | ||
| 040 |
_aBR-BrBNA _bpor _cBiblioteca Nacional de Agricultura |
||
| 041 | _a(Por) | ||
| 072 |
_aL73 _b5212 |
||
| 090 | _ 5212 BR2011004476 | ||
| 100 | 1 | _aJorgens, E.N. | |
| 100 | 1 | _aGenovese, M.A. | |
| 100 | 1 | _aSathler, A.B. | |
| 100 | 1 | _aCarneiro, J.C.G. | |
| 100 | 1 | _afigueiredo, S.B. | |
| 100 | 1 | _aSilva, E.A. da | |
| 100 | 1 | _aGonçalves Coelho, R. | |
| 100 | 1 | _aMoura, H.B. de | |
| 100 | 1 | _aSantos, R.S. dos | |
| 100 | 1 | _aFretes, E.A. de | |
| 100 | 1 | _aSacchetti, H.P. | |
| 111 | 1 |
_a2. Curso de epidemiologia e sistemas de informação centro panamericano de febre aftosa _cRio de Janeiro, RJ (Brazil) |
|
| 245 | 1 | _aEcosistemas de febre aftosa no Estado do Rio Grande do Sul | |
| 260 | 3 |
_aRio Grande do Sul, RS (Brasil): _c[nd]. |
|
| 300 | _a52 p. | ||
| 500 | _aPublished 1970?; 29 illus.; 23 graphs.; 5 tables | ||
| 650 | _aRIO GRANDE DO SUL | ||
| 650 | _aPECUÁRIA | ||
| 650 | _aAFTOSA | ||
| 650 | _aECOSSISTEMA | ||
| 909 |
_a202309 _bLucia _c55 _dLucia Elande |
||
| 942 | _cBK | ||
| 999 |
_c76435 _d76435 |
||